Top 15 Covid-19 getroffen landen - 3 september - Statistieken

Algemene statistieken
  • Deze quiz is 3 keer genomen
  • De gemiddelde score is 6 van 24
Antwoordstatistieken
land % Correct
Brazilië
100%
Rusland
100%
Verenigde Staten
100%
Verenigd Koninkrijk
100%
Iran
67%
Spanje
67%
Argentinië
33%
Panama
33%
Armenië
0%
Bahrein
0%
Bangladesh
0%
Bolivia
0%
Chili
0%
Chili
0%
Colombia
0%
India
0%
Israël
0%
Koeweit
0%
Mexico
0%
Oman
0%
Peru
0%
Qatar
0%
Saoedi-Arabië
0%
Zuid-Afrika
0%
Geen overeenkomende quizzen gevonden
Scoreverdeling
Procent van Mensen met Elke Score
Percentiel versus Aantal Correcte Antwoorden
Uw Scoregeschiedenis
U heeft deze quiz nog niet genomen